| 000 | 01656cam a22003854a 4500 | ||
|---|---|---|---|
| 001 | 13608927 | ||
| 003 | OSt | ||
| 005 | 20160825173938.0 | ||
| 008 | 040528s2005 mauab b 001 0 eng | ||
| 010 | _a 2004053887 | ||
| 020 | _a0-07-297263-7 (softcover) | ||
| 040 |
_aDLC _cDLC _dDLC |
||
| 042 | _apcc | ||
| 043 | _aa-pp--- | ||
| 050 | 0 | 0 |
_aDU740.42 _b.K524 2005 |
| 082 | 0 | 0 |
_aDC 305.89912 _22005 _bK72g |
| 100 | 1 | _aKnauft, Bruce M. | |
| 245 | 1 | 4 |
_aThe Gebusi : _blives transformed in a rainforest world / _cBruce Knauft. |
| 260 |
_aBoston : _bMcGraw-Hill, _cc2005. |
||
| 300 |
_axvi, 219 pages : _billustrations ; _c23 cm. |
||
| 500 | _aMap on p. [2] of cover. | ||
| 504 | _aIncludes bibliographical references (p. 203-215) and index. | ||
| 650 | 0 |
_aGebusi (Papua New Guinean people) _xSocial conditions. |
|
| 650 | 0 |
_aGebusi (Papua New Guinean people) _xCultural assimilation. |
|
| 650 | 0 |
_aGebusi (Papua New Guinean people) _xSocial life and customs. |
|
| 650 | 0 |
_aSocial change _zPapua New Guinea. |
|
| 650 | 0 |
_aAcculturation _zPapua New Guinea. |
|
| 651 | 0 |
_aPapua New Guinea _xSocial life and customs. |
|
| 856 | 4 | 1 |
_3Table of contents only _uhttp://www.loc.gov/catdir/toc/mh041/2004053887.html |
| 856 | 4 | 2 |
_3Publisher description _uhttp://www.loc.gov/catdir/enhancements/fy0618/2004053887-d.html |
| 856 | 4 | 2 |
_3Contributor biographical information _uhttp://www.loc.gov/catdir/enhancements/fy0737/2004053887-b.html |
| 906 |
_a7 _bcbc _corignew _d1 _eocip _f20 _gy-gencatlg |
||
| 942 |
_2ddc _cDC |
||
| 999 |
_c4135 _d4135 |
||